000 00642cam a22002531 4500
001 sa 68003594
003 DLC
005 20260227112454.0
008 940720s1966 ii 000 0 urdo
010 _asa 68003594
025 _aPL480:I-U-1150
035 _a(OCoLC)30802816
040 _aDLC
_cCU
_dCU
_dDLC
041 0 _aurdper
042 _apremarc
050 0 0 _aPK6463.G6
_bZ2 1966
100 0 _aGobind Singh,
_cGuru,
_d1666-1708.
245 1 0 _aẒafar nāmah.
260 _c1966.
300 _a144 p.
_c18 cm.
500 _aPersian or Urdu.
730 0 _aDaswen̲ Pādshāh kā Granth.
700 1 _aSarwari, Pindi Das,
_d1908-
999 _c79603
_d79603